Score 0/20 Timer 10:00
3 Plays Today
% Correct
China
99.5%
Italy
98.8%
Japan
97.1%
Canada
96.8%
Australia
96.7%
Russia
94.2%
Brazil
94.1%
Germany
93.1%
France
92.8%
Mexico
89.1%
% Correct
Cuba
86.9%
Sweden
86.2%
India
83.4%
Peru
83.2%
Iceland
71.1%
Morocco
53.4%
Spain
50.4%
The Netherlands
49.4%
Israel
46.6%
Argentina
44.3%

You're not logged in!

Compare scores with friends on all Sporcle quizzes.
OR
Log In

From the Vault

Pink Floyd Songs

by jeremey

The most appropriate place to play this quiz is at a laser show.
Remove Ads.
Support Sporcle.
Get the best of Sporcle when you Go Orange. This ad-free experience offers more features, more stats, and more fun while also helping to support Sporcle. Thank you for becoming a member.

Show Comments

Extras

Top Quizzes Today


Score Distribution

Your Account Isn't Verified!

In order to create a playlist on Sporcle, you need to verify the email address you used during registration. Go to your Sporcle Settings to finish the process.

Report this User

Report this user for behavior that violates our Community Guidelines.

Details: